Normal view
MARC view
Entry Personal Name
001 - CONTROL NUMBER
- control field: 30770
003 - CONTROL NUMBER IDENTIFIER
- control field: OSt
005 - DATE AND TIME OF LATEST TRANSACTION
- control field: 20220217144823.0
008 - FIXED-LENGTH DATA ELEMENTS
- fixed length control field: 220217|| aca||aabn | a|a d
040 ## - CATALOGING SOURCE
- Original cataloging agency: OSt
- Transcribing agency: OSt
100 ## - HEADING--PERSONAL NAME
- Personal name: Tec
670 ## - SOURCE DATA FOUND
- Source citation: Work cat.: (OSt)30710: Tec, HandBook Pf Technology Management